000 00726nam a2200241Ia 4500
003 OSt
005 20220927105430.0
006 a|||||r|||| 00| 0
007 ta
008 220926b |||||||| |||| 00| 0 eng d
024 _a170357
037 _cReference Collections
040 _aRTL
_cRTL
_beng
041 _2eng
_aeng
082 _a"X9(E):2.N89 - N88r, M9/GD"
110 _aNational Organic chemical Industries ltd.
_9372461
245 0 _a28th Report Jan.1988-Mar.1989.
260 _aIndia
_bNOCIL
_c1989
300 _a15p.
_ccm.
700 _aNational Organic chemical Industries ltd.
_9372462
942 _h"X9(E):2.N89 - N88r, M9/GD"
_cCC
999 _c692513
_d692513